| 000 | 00491nam a2200169 i 4500 | ||
|---|---|---|---|
| 001 | 29729 | ||
| 003 | ES-MaACL | ||
| 005 | 20230906154059.0 | ||
| 007 | t| | ||
| 008 | 030122s1888 fr ||||1| fre d | ||
| 100 | 1 |
_aBallet, Gilbert. _925070 |
|
| 245 | 1 | 3 |
_aLe langage interierur et les diverses formes de l'aphasie / _cpar Gilbert Ballet. |
| 250 | _a2eme ed. | ||
| 260 |
_aParĂs : _bAlcan, _c1888 ( _fPoitiers-Poitevine) |
||
| 300 |
_aXVI, 174 p. ; _c18 cm. |
||
| 852 |
_aES-MaACL _jF-12174 |
||
| 999 |
_c29729 _d29729 |
||